| 000 | 01393nam2a22002771 4500 | ||
|---|---|---|---|
| 001 | rc\4725384 | ||
| 005 | 20240709120900.0 | ||
| 021 |
_aRU _b[63-76925] |
||
| 035 | _a(NLR Aleph) 008730732 | ||
| 090 |
_a9475240 _c9475240 |
||
| 100 | _a20130416d1963 |||y0rusy50 ca | ||
| 101 | 0 | _arus | |
| 102 | _aRU | ||
| 105 | _ay z ||||| | ||
| 200 | 0 |
_a[Ч. 2. 1956-1960 _fСост. И.Е. Можаева и М.В. Ляпон] |
|
| 210 | _d1963 | ||
| 215 | _a450 с. | ||
| 461 | 0 |
_1001rc\4725383 _12001#$aСлавянское языкознание$eБиблиогр. указатель литературы, изд. в СССР с 1918 по 1960 гг.$f[Ред. коллегия: С.Б. Берншейн и др.]$gАкад. наук СССР. Ин-т рус. яз. Ин-т славяноведения. Фундам. б-ка обществ. наук$v[Ч. 2. 1956-1960 _99475236 _cМосква _d1963 _f[Ред. коллегия: С.Б. Берншейн и др.] _nИзд-во Акад. наук СССР _oБиблиогр. указатель литературы, изд. в СССР с 1918 по 1960 гг. _tСлавянское языкознание _v[Ч. 2. 1956-1960 |
|
| 702 | 1 |
_aЛяпон _bМ. В. _4220 |
|
| 702 | 1 |
_aМожаева _bИ. Е. _4220 |
|
| 801 | 0 |
_aRU _bNLR _gpsbo |
|
| 801 | 1 |
_aRU _bELAR _2rusmarc |
|
| 852 |
_aNLR _jс961-420/С-47 |
||
| 942 | _cBOOK | ||
| 980 | _aNB | ||